00630nam a2200193Ia 4500008004100000020001400041082001400055100002100069245005600090250000700146260004400153300002500197500000700222600003300229650001600262942000700278952013600285999001500421240925s9999 xx 000 0 und d a198691513 a413.1 URD aUrdong, Laurence 4aThe Oxford Thesaurus: an a-z dictionary of synonyms aNA aLondon:bAthlentic Publicationsc,1991. a1042p.bNAfOriginal aNA aHumanities & Natural Science aLinguistics cBK 011440708HUMaUITUbUITUd1995-05-29eOxford University Press g500.00l0o413.1 URDpQ0357r2024-09-25 07:12:04w2024-09-25yBK c2856d2856